|
|
|
|
| LEADER |
00000nab a2200000 a 4500 |
| 001 |
vtls000510541 |
| 003 |
SK-MaSNL |
| 005 |
20260304083108.0 |
| 008 |
250425c1994 xo 0 slo |
| 015 |
|
|
|a SNBRB19rr/mm-uuuuu
|
| 035 |
|
|
|a CL0510679
|
| 035 |
|
|
|a urn:nbn:sk:snk-abcrg
|
| 035 |
|
|
|a (urnnbn)urn:nbn:sk:snk:ar-a0528r
|
| 035 |
|
|
|a (uuid)076069da-799a-4632-99e0-b916203a997f
|
| 040 |
|
|
|a SNKBUCL
|b slo
|c SNKBUCL
|e AACR2
|
| 041 |
0 |
|
|a slo
|
| 044 |
|
|
|a xo
|c SK
|
| 080 |
|
|
|a 372.880.854:373.3
|2 1981
|
| 080 |
|
|
|a 373.3
|2 1981
|
| 080 |
|
|
|a 801.56
|2 1981
|
| 080 |
|
|
|a 808.54-5
|2 1981
|
| 100 |
1 |
|
|a Liptáková, Ľudmila,
|d 1963-
|4 aut
|
| 245 |
1 |
0 |
|a Komunikatívne vyučovanie syntaxe na 1. stupni základnej školy
|c Ľudmila Valeková
|
| 300 |
|
|
|b Lit. 2 zázn. v češ., slov.
|
| 650 |
0 |
7 |
|a jazyk slovenský a literatúra
|2 snkbucl
|9 966099
|
| 650 |
0 |
7 |
|a syntax
|2 snkbucl
|9 1352
|
| 650 |
0 |
7 |
|a školy základné
|2 snkbucl
|9 390867
|
| 655 |
|
7 |
|a články z novín a časopisov
|2 snkbucl
|9 267496
|
| 773 |
0 |
|
|t Slovenský jazyk a literatúra v škole
|g Roč. 40, č. 5-6 (1993/1994), s. 174-177
|
| 850 |
|
|
|a Slovenská národná knižnica
|
| 852 |
|
|
|a Slovenská národná knižnica
|
| 954 |
|
|
|a odborná, vedecká literatúra pôvodná (slovenská)
|2 lita
|
| 958 |
|
|
|a article27
|
| 958 |
|
|
|a RK
|
| 958 |
|
|
|a OND
|
| 958 |
|
|
|a EUIPO
|
| 992 |
|
|
|a RBX
|
| 999 |
|
|
|c 2799521
|d 2801451
|